Rasizmus naša časovaná bomba

Viacero podôb latentného rasizmu slovenskej spoločnosti. Situácia Rómov po novembri 1989. Trestné činy s rasovým motívom. Pretrváva strach pred cudzím. Rasistický môže byť aj jazyk. Prastará krivda: Židia nám ukrižovali Krista. Genetika a ľudské rasy.

Gespeichert in:
Bibliographische Detailangaben
1. Verfasser: Kotian, Róbert
Weitere Verfasser: Kasarda, Martin, Deckerová, Veronika
Format: Buchkapitel
Sprache:Slowakisch
Schlagworte:
Tags: Tag hinzufügen
Keine Tags, Fügen Sie das erste Tag hinzu!

MARC

LEADER 00000naa a2200000 4500
001 r048830
005 20230908082810.9
041 0 |a slo 
044 |a SK 
245 1 0 |a Rasizmus naša časovaná bomba  |c Róbert Kotian, Martin Kasarda, Veronika Deckerová 
520 |a Viacero podôb latentného rasizmu slovenskej spoločnosti. Situácia Rómov po novembri 1989. Trestné činy s rasovým motívom. Pretrváva strach pred cudzím. Rasistický môže byť aj jazyk. Prastará krivda: Židia nám ukrižovali Krista. Genetika a ľudské rasy. 
610 2 0 |a kriminalita 
610 2 0 |a národnosti 
610 2 0 |a Rómovia 
610 2 0 |a cudzinci 
610 2 0 |a menšiny národnostné 
610 2 0 |a Slovensko 
100 1 |a Kotian, Róbert 
700 1 |a Kasarda, Martin 
700 1 |a Deckerová, Veronika